[Event "DVM U12 2023"]
[Site "Magdeburg GER"]
[Date "2023.12.29"]
[Round "5"]
[White "Neumeier, Konstantin"]
[Black "Berndt, Ronson"]
[Result "0-1"]
[Termination "normal"]
[Board "3.3"]
[WhiteElo "1394"]
[BlackElo "1615"]
[WhiteClock "01:14:54"]
[BlackClock "00:42:35"]
[WhiteTeam "SK Kelheim 1920"]
[BlackTeam "SC Borussia Lichtenberg"]
[PlyCount "119"]
[WhiteFideId "34608230"]
[BlackFideId "34618694"]
[EventCountry "GER"]
[EventRounds "7"]
[EventType "team-swiss"]
[EventDate "2023.12.26"]

1. e4 {[%clk 01:30:58]} {[%emt 00:00:01]} e5 {[%clk 01:30:50]} {[%emt
00:00:11]} 2. Nf3 {[%clk 01:31:24]} {[%emt 00:00:04]} Nc6 {[%clk 01:31:12]}
{[%emt 00:00:08]} 3. Nc3 {[%clk 01:31:50]} {[%emt 00:00:04]} Nf6 {[%clk
01:31:32]} {[%emt 00:00:09]} 4. a3 {[%clk 01:32:15]} {[%emt 00:00:05]} g6
{[%clk 01:31:48]} {[%emt 00:00:14]} 5. d4 {[%clk 01:32:38]} {[%emt 00:00:07]}
exd4 {[%clk 01:32:01]} {[%emt 00:00:16]} 6. Nxd4 {[%clk 01:33:05]} {[%emt
00:00:04]} Bg7 {[%clk 01:32:18]} {[%emt 00:00:13]} 7. Bg5 {[%clk 01:33:11]}
{[%emt 00:00:24]} h6 {[%clk 01:32:26]} {[%emt 00:00:21]} 8. Bh4 {[%clk
01:33:04]} {[%emt 00:00:36]} g5 {[%clk 01:32:51]} {[%emt 00:00:05]} 9. Bg3
{[%clk 01:33:28]} {[%emt 00:00:06]} d6 {[%clk 01:32:41]} {[%emt 00:00:40]} 10.
Bb5 {[%clk 01:33:41]} {[%emt 00:00:18]} Bd7 {[%clk 01:32:32]} {[%emt 00:00:38]}
11. O-O {[%clk 01:33:41]} {[%emt 00:00:30]} O-O {[%clk 01:29:12]} {[%emt
00:03:50]} 12. Nce2 {[%clk 01:32:09]} {[%emt 00:01:52]} Nxd4 {[%clk 01:27:45]}
{[%emt 00:02:08]} 13. Nxd4 {[%clk 01:31:42]} {[%emt 00:00:57]} Bxb5 {[%clk
01:27:36]} {[%emt 00:00:39]} 14. Nxb5 {[%clk 01:31:48]} {[%emt 00:00:25]} Nxe4
{[%clk 01:21:32]} {[%emt 00:06:33]} 15. Nd4 {[%clk 01:29:38]} {[%emt 00:02:39]}
Qd7 {[%clk 00:59:15]} {[%emt 00:22:48]} 16. Qd3 {[%clk 01:28:55]} {[%emt
00:01:09]} Nxg3 {[%clk 00:57:26]} {[%emt 00:02:23]} 17. fxg3 {[%clk 01:29:04]}
{[%emt 00:00:21]} Rae8 {[%clk 00:53:22]} {[%emt 00:04:34]} 18. Nf5 {[%clk
01:29:01]} {[%emt 00:00:29]} Re6 {[%clk 00:50:18]} {[%emt 00:03:36]} 19. Nxg7
{[%clk 01:29:03]} {[%emt 00:00:30]} Kxg7 {[%clk 00:49:21]} {[%emt 00:01:27]}
20. Qd4+ {[%clk 01:29:12]} {[%emt 00:00:21]} f6 {[%clk 00:49:21]} {[%emt
00:00:31]} 21. Qxa7 {[%clk 01:29:02]} {[%emt 00:00:39]} Qc6 {[%clk 00:49:06]}
{[%emt 00:00:46]} 22. Qf2 {[%clk 01:28:57]} {[%emt 00:00:31]} Rfe8 {[%clk
00:47:46]} {[%emt 00:01:53]} 23. c3 {[%clk 01:26:59]} {[%emt 00:02:28]} Qc5
{[%clk 00:47:35]} {[%emt 00:00:40]} 24. b4 {[%clk 01:24:32]} {[%emt 00:02:58]}
Qxf2+ {[%clk 00:43:53]} {[%emt 00:04:11]} 25. Rxf2 {[%clk 01:24:51]} {[%emt
00:00:12]} Re2 {[%clk 00:43:29]} {[%emt 00:00:54]} 26. Raf1 {[%emt 00:00:41]}
R8e6 {[%clk 00:43:08]} {[%emt 00:00:29]} 27. Rxe2 {[%clk 01:23:24]} {[%emt
00:02:08]} Rxe2 {[%clk 00:43:28]} {[%emt 00:00:10]} 28. Rf2 {[%clk 01:23:45]}
{[%emt 00:00:09]} Re3 {[%clk 00:43:41]} {[%emt 00:00:18]} 29. Rf3 {[%clk
01:23:59]} {[%emt 00:00:15]} Re2 {[%clk 00:42:04]} {[%emt 00:02:07]} 30. Rf2
{[%clk 01:24:15]} {[%emt 00:00:13]} Re4 {[%clk 00:42:27]} {[%emt 00:00:08]} 31.
h3 {[%clk 01:23:30]} {[%emt 00:01:15]} Rc4 {[%clk 00:41:33]} {[%emt 00:01:24]}
32. Rf3 {[%clk 01:23:08]} {[%emt 00:00:51]} f5 {[%clk 00:41:35]} {[%emt
00:00:28]} 33. Rxf5 {[%clk 01:21:45]} {[%emt 00:01:54]} Rxc3 {[%clk 00:41:43]}
{[%emt 00:00:22]} 34. Rf3 {[%clk 01:22:07]} {[%emt 00:00:05]} Rc1+ {[%clk
00:41:12]} {[%emt 00:01:05]} 35. Rf1 {[%clk 01:22:29]} {[%emt 00:00:07]} Rxf1+
{[%clk 00:41:37]} {[%emt 00:00:04]} 36. Kxf1 {[%clk 01:22:55]} {[%emt
00:00:05]} Kf6 {[%clk 00:42:02]} {[%emt 00:00:05]} 37. Ke2 {[%clk 01:23:03]}
{[%emt 00:00:21]} b5 {[%clk 00:42:21]} {[%emt 00:00:10]} 38. g4 {[%clk
01:22:47]} {[%emt 00:00:48]} Ke5 {[%clk 00:42:22]} {[%emt 00:00:29]} 39. Ke3
{[%clk 01:22:28]} c6 {[%clk 00:42:22]} 40. g3 {[%clk 01:22:28]} Kd5 {[%clk
00:41:31]} {[%emt 00:02:54]} 41. Kd3 {[%clk 01:19:49]} c5 {[%clk 00:41:42]}
{[%emt 00:03:42]} 42. bxc5 {[%clk 01:15:56]} dxc5 {[%clk 00:41:54]} {[%emt
00:04:43]} 43. Kc3 {[%clk 01:14:16]} {[%emt 00:02:10]} Ke4 {[%clk 00:39:56]}
{[%emt 00:02:27]} 44. Kd2 {[%clk 01:13:35]} {[%emt 00:01:11]} Kd4 {[%clk
00:39:32]} {[%emt 00:00:55]} 45. h4 {[%clk 01:13:29]} {[%emt 00:00:36]} c4
{[%clk 00:39:51]} {[%emt 00:00:11]} 46. Kc2 {[%clk 01:13:29]} {[%emt 00:00:30]}
c3 {[%clk 00:40:08]} {[%emt 00:00:13]} 47. Kc1 {[%clk 01:13:30]} {[%emt
00:00:27]} Kc4 {[%clk 00:40:23]} {[%emt 00:00:16]} 48. Kc2 {[%clk 01:13:49]}
{[%emt 00:00:11]} b4 {[%clk 00:40:34]} {[%emt 00:00:20]} 49. axb4 {[%clk
01:13:43]} {[%emt 00:00:36]} Kxb4 {[%clk 00:40:57]} {[%emt 00:00:07]} 50. Kc1
{[%clk 01:13:58]} {[%emt 00:00:14]} Kc4 {[%clk 00:41:14]} {[%emt 00:00:13]} 51.
Kc2 {[%clk 01:14:16]} {[%emt 00:00:13]} Kd4 {[%clk 00:41:40]} {[%emt 00:00:04]}
52. h5 {[%clk 01:12:35]} {[%emt 00:02:11]} Ke3 {[%clk 00:41:36]} 53. Kxc3
{[%clk 01:12:54]} {[%emt 00:00:46]} Kf3 {[%clk 00:42:01]} 54. Kd3 {[%clk
01:12:54]} Kxg3 {[%clk 00:42:01]} 55. Ke3 {[%clk 01:12:54]} Kxg4 {[%clk
00:42:01]} 56. Kf2 {[%clk 01:12:54]} Kh3 {[%clk 00:42:01]} 57. Kg1 {[%clk
01:12:54]} Kg3 {[%clk 00:42:01]} 58. Kh1 {[%clk 01:12:54]} Kh4 {[%clk
00:42:01]} 59. Kh2 {[%clk 01:13:49]} {[%emt 00:04:28]} Kxh5 {[%clk 00:42:35]}
{[%emt 00:00:06]} 60. Kh3 g4+ 61. Kg3 Kg5 62. Kg2 h5 63. Kg3 h4+ 64. Kg2 Kf4
65. Kf2 h3 66. Kg1 Kg3 67. Kh1 Kf2 68. Kh2 g3+ 0-1

[Event "DVM U12 2023"]
[Site "Magdeburg GER"]
[Date "2023.12.29"]
[Round "5"]
[White "Svanidze, Alexander"]
[Black "Dauerer, Leonhard"]
[Result "0-1"]
[Termination "normal"]
[Board "3.4"]
[WhiteElo "1441"]
[BlackElo "1074"]
[WhiteClock "00:54:45"]
[BlackClock "01:18:27"]
[WhiteTeam "SC Borussia Lichtenberg"]
[BlackTeam "SK Kelheim 1920"]
[PlyCount "49"]
[WhiteFideId "34623469"]
[BlackFideId "34640223"]
[EventCountry "GER"]
[EventRounds "7"]
[EventType "team-swiss"]
[EventDate "2023.12.26"]

1. e4 {[%clk 01:30:57]} {[%emt 05:50:17]} e5 {[%clk 01:30:48]} 2. Nf3 {[%clk
01:31:23]} Nc6 {[%clk 01:31:04]} 3. Bc4 {[%clk 01:31:49]} Nf6 {[%clk 01:31:24]}
4. Ng5 {[%clk 01:31:08]} d5 {[%clk 01:31:38]} 5. exd5 {[%clk 01:31:31]} Na5
{[%clk 01:31:58]} 6. Bb5+ {[%clk 01:27:16]} c6 {[%clk 01:32:13]} 7. dxc6 {[%clk
01:27:36]} bxc6 {[%clk 01:32:36]} 8. Ba4 {[%clk 01:25:00]} h6 {[%clk 01:31:46]}
9. Nf3 {[%clk 01:21:47]} e4 {[%clk 01:31:11]} 10. Ne5 {[%clk 01:20:47]} Qd4
{[%clk 01:31:09]} 11. Bxc6+ {[%clk 01:19:36]} Nxc6 12. Nxc6 {[%clk 01:20:00]}
Qd5 {[%clk 01:31:28]} 13. Nxa7 {[%clk 01:19:52]} Rxa7 {[%clk 01:31:45]} 14. O-O
{[%clk 01:20:03]} Bc5 {[%clk 01:31:01]} 15. Nc3 {[%clk 01:20:08]} Qc6 {[%clk
01:29:23]} 16. d4 {[%clk 01:15:35]} exd3 {[%clk 01:26:31]} 17. Qxd3 {[%clk
01:15:17]} O-O {[%clk 01:25:48]} 18. Qg3 {[%clk 01:14:28]} Bb7 {[%clk
01:23:11]} 19. Bxh6 {[%clk 00:59:53]} Nh5 {[%clk 01:22:04]} 20. Qg5 {[%clk
00:58:55]} Ra5 {[%clk 01:21:48]} 21. Qg4 {[%clk 00:58:19]} Qxh6 {[%clk
01:21:19]} 22. a3 {[%clk 00:55:47]} Ba7 {[%clk 01:19:37]} 23. b4 {[%clk
00:55:12]} Rg5 {[%clk 01:18:29]} 24. Qd1 {[%clk 00:54:57]} Rxg2+ {[%clk
01:18:27]} 25. Kh1 {[%clk 00:54:45]} 0-1

[Event "DVM U12 2023"]
[Site "Magdeburg GER"]
[Date "2023.12.29"]
[Round "5"]
[White "Yan, Haichen"]
[Black "Teng, David"]
[Result "1-0"]
[Termination "normal"]
[Board "4.2"]
[WhiteElo "1403"]
[BlackElo "1489"]
[WhiteClock "00:08:54"]
[BlackClock "00:01:33"]
[WhiteTeam "SV 1947 Walldorf"]
[BlackTeam "Düsseldorfer SV 1854"]
[PlyCount "74"]
[WhiteFideId "34607951"]
[BlackFideId "34604570"]
[EventCountry "GER"]
[EventRounds "7"]
[EventType "team-swiss"]
[EventDate "2023.12.26"]

1. d4 {[%clk 01:30:57]} {[%emt 00:00:03]} d5 {[%clk 01:30:55]} {[%emt
00:00:05]} 2. c4 {[%clk 01:31:23]} {[%emt 00:00:05]} e6 {[%clk 01:31:18]}
{[%emt 00:00:06]} 3. Nc3 {[%clk 01:31:46]} {[%emt 00:00:07]} Nf6 {[%clk
01:31:21]} {[%emt 00:00:26]} 4. cxd5 {[%clk 01:32:07]} {[%emt 00:00:09]} exd5
{[%clk 01:31:09]} {[%emt 00:00:42]} 5. Bg5 {[%clk 01:32:28]} {[%emt 00:00:09]}
Be7 {[%clk 01:30:10]} {[%emt 00:01:30]} 6. e3 {[%clk 01:32:37]} {[%emt
00:00:21]} c6 {[%clk 01:29:50]} {[%emt 00:00:49]} 7. Bd3 {[%clk 01:32:41]}
{[%emt 00:00:27]} Be6 {[%clk 01:27:47]} {[%emt 00:02:33]} 8. Nf3 {[%clk
01:32:07]} {[%emt 00:01:03]} Nbd7 {[%clk 01:26:58]} {[%emt 00:01:19]} 9. Qc2
{[%clk 01:30:51]} {[%emt 00:01:46]} h6 {[%clk 01:26:50]} {[%emt 00:00:39]} 10.
Bf4 {[%clk 01:30:54]} {[%emt 00:00:27]} Rc8 {[%clk 01:24:57]} {[%emt 00:02:22]}
11. Qb3 {[%clk 01:26:09]} {[%emt 00:05:16]} Nb6 {[%clk 01:12:55]} {[%emt
00:12:32]} 12. O-O {[%clk 01:17:32]} {[%emt 00:09:07]} O-O {[%clk 01:10:07]}
{[%emt 00:03:18]} 13. Rfc1 {[%clk 01:10:18]} {[%emt 00:07:44]} c5 {[%clk
00:59:02]} {[%emt 00:11:35]} 14. Qd1 {[%clk 01:06:28]} {[%emt 00:04:20]} c4
{[%clk 00:58:17]} {[%emt 00:01:16]} 15. Bc2 {[%clk 01:05:03]} {[%emt 00:01:54]}
Nbd7 {[%clk 00:55:17]} {[%emt 00:03:29]} 16. b3 {[%clk 00:50:07]} {[%emt
00:15:27]} Ba3 {[%clk 00:52:37]} {[%emt 00:03:10]} 17. Rcb1 {[%clk 00:49:41]}
{[%emt 00:00:56]} Qa5 {[%clk 00:49:01]} {[%emt 00:04:07]} 18. Ne2 {[%clk
00:46:32]} {[%emt 00:03:38]} c3 {[%clk 00:42:44]} {[%emt 00:06:48]} 19. b4
{[%clk 00:43:22]} {[%emt 00:03:40]} Qa6 {[%clk 00:37:54]} {[%emt 00:05:19]} 20.
Bd3 {[%clk 00:39:05]} {[%emt 00:04:47]} Qb6 {[%clk 00:37:24]} {[%emt 00:01:00]}
21. Rb3 {[%clk 00:37:26]} {[%emt 00:02:10]} Bb2 {[%clk 00:34:38]} {[%emt
00:03:16]} 22. Rb1 {[%clk 00:37:10]} {[%emt 00:00:47]} Ne4 {[%clk 00:33:34]}
{[%emt 00:01:34]} 23. a4 {[%clk 00:29:57]} {[%emt 00:07:43]} Ndf6 {[%clk
00:27:55]} {[%emt 00:06:09]} 24. Be5 {[%clk 00:24:50]} {[%emt 00:05:36]} Bd7
{[%clk 00:26:21]} {[%emt 00:02:04]} 25. a5 {[%clk 00:24:07]} {[%emt 00:01:14]}
Qe6 {[%clk 00:25:31]} {[%emt 00:01:20]} 26. b5 {[%clk 00:19:32]} {[%emt
00:05:05]} a6 {[%clk 00:19:56]} {[%emt 00:06:05]} 27. Nf4 {[%clk 00:16:19]}
{[%emt 00:03:44]} Qe7 {[%clk 00:11:25]} {[%emt 00:09:00]} 28. Bxf6 {[%clk
00:15:00]} {[%emt 00:01:49]} Nxf6 {[%clk 00:10:24]} {[%emt 00:01:30]} 29. Qc2
{[%clk 00:14:26]} {[%emt 00:01:04]} axb5 {[%clk 00:09:18]} {[%emt 00:01:37]}
30. Bxb5 {[%clk 00:13:17]} {[%emt 00:01:46]} Bxb5 {[%clk 00:05:02]} {[%emt
00:04:46]} 31. Rxb5 {[%clk 00:13:40]} {[%emt 00:00:07]} Qd7 {[%clk 00:05:21]}
{[%emt 00:00:11]} 32. Rb4 {[%clk 00:11:38]} {[%emt 00:02:32]} Rc4 {[%clk
00:03:40]} {[%emt 00:02:11]} 33. Ne5 {[%clk 00:10:33]} {[%emt 00:01:35]} Qc7
{[%clk 00:02:38]} {[%emt 00:01:32]} 34. Nxd5 {[%clk 00:09:09]} {[%emt
00:01:54]} Nxd5 {[%clk 00:02:18]} {[%emt 00:00:49]} 35. Rxc4 {[%clk 00:09:07]}
{[%emt 00:00:33]} Qd6 {[%clk 00:02:29]} {[%emt 00:00:19]} 36. Nd3 {[%clk
00:08:43]} {[%emt 00:00:54]} Ba3 {[%clk 00:01:33]} {[%emt 00:01:26]} 37. Rxb7
{[%clk 00:08:54]} {[%emt 00:00:19]} Qa6 {[%emt 00:04:13]} 1-0

[Event "DVM U12 2023"]
[Site "Magdeburg GER"]
[Date "2023.12.29"]
[Round "5"]
[White "Mandalka, Justus"]
[Black "Derr, Oleg"]
[Result "0-1"]
[Termination "normal"]
[Board "5.1"]
[WhiteElo "1775"]
[BlackElo "1801"]
[WhiteClock "00:02:38"]
[BlackClock "00:40:46"]
[WhiteTeam "SK Bad Homburg 1927"]
[BlackTeam "VSG 1880 Offenbach"]
[PlyCount "106"]
[WhiteFideId "16298144"]
[BlackFideId "34611517"]
[EventCountry "GER"]
[EventRounds "7"]
[EventType "team-swiss"]
[EventDate "2023.12.26"]

1. e4 {[%clk 01:30:59]} Nf6 {[%clk 01:30:57]} {[%emt 00:00:03]} 2. e5 {[%clk
01:31:18]} {[%emt 00:00:10]} Nd5 {[%clk 01:31:24]} {[%emt 00:00:04]} 3. d4
{[%clk 01:31:39]} {[%emt 00:00:09]} d6 {[%clk 01:31:50]} {[%emt 00:00:04]} 4.
Nf3 {[%clk 01:31:46]} {[%emt 00:00:22]} Bf5 {[%clk 01:31:45]} {[%emt 00:00:36]}
5. Bc4 {[%clk 01:31:22]} {[%emt 00:00:53]} e6 {[%clk 01:31:34]} {[%emt
00:00:41]} 6. O-O {[%clk 01:31:33]} {[%emt 00:00:19]} Be7 {[%clk 01:31:57]}
{[%emt 00:00:07]} 7. Re1 {[%clk 01:30:22]} {[%emt 00:01:42]} O-O {[%clk
01:32:08]} {[%emt 00:00:19]} 8. Nc3 {[%clk 01:26:38]} {[%emt 00:04:14]} Nb6
{[%clk 01:29:06]} {[%emt 00:03:31]} 9. Bd3 {[%clk 01:23:57]} {[%emt 00:03:11]}
Bxd3 {[%clk 01:28:30]} {[%emt 00:01:07]} 10. Qxd3 {[%clk 01:24:11]} {[%emt
00:00:15]} d5 {[%clk 01:28:51]} {[%emt 00:00:09]} 11. Ne2 {[%clk 01:18:08]}
{[%emt 00:06:33]} c5 {[%clk 01:27:43]} {[%emt 00:01:38]} 12. c3 {[%clk
01:14:04]} {[%emt 00:04:33]} Nc6 {[%clk 01:24:19]} {[%emt 00:03:55]} 13. Bd2
{[%clk 01:11:09]} {[%emt 00:03:25]} Rc8 {[%clk 01:23:23]} {[%emt 00:01:26]} 14.
dxc5 {[%clk 01:05:46]} {[%emt 00:05:54]} Nd7 {[%clk 01:23:27]} {[%emt
00:00:25]} 15. b4 {[%clk 01:00:42]} {[%emt 00:05:34]} Ndxe5 {[%clk 01:23:30]}
{[%emt 00:00:27]} 16. Nxe5 {[%clk 01:01:02]} {[%emt 00:00:10]} Nxe5 {[%clk
01:23:45]} {[%emt 00:00:14]} 17. Qg3 {[%clk 01:01:21]} {[%emt 00:00:11]} Nc4
{[%clk 01:18:13]} {[%emt 00:06:03]} 18. Bh6 {[%clk 00:59:47]} {[%emt 00:02:03]}
Bf6 {[%clk 01:18:34]} {[%emt 00:00:09]} 19. Nd4 {[%clk 00:58:22]} {[%emt
00:01:53]} Kh8 {[%clk 01:17:42]} {[%emt 00:01:23]} 20. Be3 {[%clk 00:54:12]}
{[%emt 00:04:41]} a5 {[%clk 01:12:11]} {[%emt 00:06:02]} 21. a3 {[%clk
00:51:41]} {[%emt 00:03:00]} Nxe3 {[%clk 01:08:37]} {[%emt 00:04:04]} 22. Rxe3
{[%clk 00:47:17]} {[%emt 00:04:54]} b6 {[%clk 01:08:49]} {[%emt 00:00:19]} 23.
Nb3 {[%clk 00:46:10]} {[%emt 00:01:37]} a4 {[%clk 01:08:23]} {[%emt 00:00:56]}
24. Nd4 {[%clk 00:43:54]} {[%emt 00:02:45]} bxc5 {[%clk 01:08:07]} {[%emt
00:00:47]} 25. Ne2 {[%clk 00:42:56]} {[%emt 00:01:27]} d4 {[%clk 01:04:37]}
{[%emt 00:04:01]} 26. Rd3 {[%clk 00:39:48]} {[%emt 00:03:38]} c4 {[%clk
01:03:26]} {[%emt 00:01:41]} 27. Rxd4 {[%clk 00:39:13]} {[%emt 00:01:04]} Bxd4
{[%clk 01:03:45]} {[%emt 00:00:11]} 28. Nxd4 {[%clk 00:39:33]} {[%emt
00:00:10]} Qd5 {[%clk 01:03:35]} {[%emt 00:00:40]} 29. Re1 {[%clk 00:38:17]}
{[%emt 00:01:47]} Rfe8 {[%clk 01:02:17]} {[%emt 00:01:49]} 30. Re5 {[%clk
00:36:56]} {[%emt 00:01:50]} Qd6 {[%clk 01:01:36]} {[%emt 00:01:11]} 31. f4
{[%clk 00:30:21]} {[%emt 00:07:05]} g6 {[%clk 00:57:30]} {[%emt 00:04:36]} 32.
Qh4 {[%clk 00:27:13]} {[%emt 00:03:37]} Qd8 {[%clk 00:56:33]} {[%emt 00:01:27]}
33. Qe1 {[%clk 00:25:18]} {[%emt 00:02:25]} Kg8 {[%clk 00:54:09]} {[%emt
00:02:54]} 34. h3 {[%clk 00:20:04]} {[%emt 00:05:45]} Qd7 {[%clk 00:53:47]}
{[%emt 00:00:51]} 35. Qe2 {[%clk 00:19:03]} {[%emt 00:01:32]} f6 {[%clk
00:45:11]} {[%emt 00:09:06]} 36. Rxe6 {[%clk 00:18:33]} {[%emt 00:01:00]} Rxe6
{[%clk 00:45:26]} {[%emt 00:00:15]} 37. Qxe6+ {[%clk 00:18:58]} {[%emt
00:00:04]} Qxe6 {[%clk 00:45:42]} {[%emt 00:00:14]} 38. Nxe6 {[%clk 00:19:26]}
{[%emt 00:00:02]} Re8 {[%clk 00:45:56]} {[%emt 00:00:15]} 39. Nd4 {[%clk
00:15:41]} {[%emt 00:04:17]} Re3 {[%clk 00:44:45]} {[%emt 00:01:40]} 40. Nb5
{[%clk 00:14:11]} {[%emt 00:02:01]} Kf8 {[%clk 00:44:29]} {[%emt 00:00:46]} 41.
Kf2 {[%clk 00:14:06]} {[%emt 00:00:35]} Rd3 {[%clk 00:44:38]} {[%emt 00:00:21]}
42. Ke2 {[%clk 00:12:03]} {[%emt 00:02:32]} Ke7 {[%clk 00:44:09]} {[%emt
00:00:57]} 43. Kf2 {[%clk 00:11:59]} {[%emt 00:00:36]} Kd7 {[%clk 00:44:01]}
{[%emt 00:00:38]} 44. Ke1 {[%clk 00:09:51]} {[%emt 00:02:38]} Kc6 {[%clk
00:43:19]} {[%emt 00:01:12]} 45. Nd4+ {[%clk 00:10:01]} {[%emt 00:00:20]} Kb6
{[%clk 00:43:18]} {[%emt 00:00:30]} 46. Ne2 {[%clk 00:10:10]} {[%emt 00:00:22]}
h6 {[%clk 00:40:41]} {[%emt 00:03:08]} 47. g3 {[%clk 00:08:29]} {[%emt
00:02:11]} g5 {[%clk 00:39:41]} {[%emt 00:01:30]} 48. fxg5 {[%clk 00:06:13]}
{[%emt 00:02:46]} fxg5 {[%clk 00:39:54]} {[%emt 00:00:17]} 49. Kf2 {[%clk
00:03:13]} {[%emt 00:03:31]} Rd2 {[%clk 00:40:07]} {[%emt 00:00:17]} 50. Ke3
{[%clk 00:03:26]} {[%emt 00:00:17]} Ra2 {[%clk 00:40:22]} {[%emt 00:00:15]} 51.
g4 {[%clk 00:02:41]} {[%emt 00:01:15]} Rxa3 {[%clk 00:40:44]} {[%emt 00:00:08]}
52. Kd4 {[%clk 00:03:05]} {[%emt 00:00:06]} Ra2 {[%clk 00:41:02]} {[%emt
00:00:12]} 53. Ng3 {[%clk 00:02:38]} {[%emt 00:00:57]} Rg2 {[%clk 00:40:46]}
{[%emt 00:00:45]} 0-1